000 00455nam a2200169Ia 4500
003 GCL
008 140319s9999 xx 000 0 ara d
040 _aGCL /
_cGCL
082 0 4 _a909.7
_bع ت
100 1 _aعبدالله حسين
245 1 0 _aتاريخ ماقبل التاريخ /
_cعبدالله حسين
300 _a240
490 _aكتاب
_v0
650 0 4 _aالعادات والتقاليد
650 0 4 _aالتاريخ
942 _2ddc
_cBK
999 _c43283
_d43283